000 01226 a2200229 4500
001 54760
005 20260407155823.0
008 260407a1983 arg spa d
003 AR-UNSa-BCEJYS
040 _aAR-UNSa-BCEJYS
_bspa
_cAR-UNSa-BCEJYS
080 _a82-4
_xEnsayos
245 1 0 _aEl hombre que está solo y espera
020 _a950-21-0582-6
250 _a16a. ed.
264 1 _aBuenos Aires :
_bPlus Ultra
_c1983
300 _a157 p.
_c20 cm.
505 _a1. La gota de agua - 2. Los ojos infidentes - 3. Un olvido del egoísmo - 4. El hombre de Corrientes y Esmeralda - 5. El hijo de nadie - 6. La tierra invisible - 7. La ciudad sin amor - 8. Las vidas que se escurren - 9. La edad de los años - 10. El místico sin Dios - 11. El primer juicio mortal - 12. Delegación de un destino - 13. El piloto del caos - 14. La apostasía intelectual - 15. La defección política - 16. El patrón de sí mismo - 17. El destructor de espejísmos - 18. El millonario ingénito - 19. La rehumanización de la vida - 20. Libreta de apuntes - 21. Connotación de fugacidades - 22. Acentos de una soledad
041 _aspa
942 _cBK
590 _aniveau_biblio:m niveau_hierar:0
100 1 _aScalabrini Ortiz, Raúl
999 _c5782
_d5782